| 000 | 01459nam a22003734a 4500 | ||
|---|---|---|---|
| 001 | vtls003168611 | ||
| 003 | MY-SjTCS | ||
| 005 | 20200226113214.0 | ||
| 006 | m u | ||
| 007 | cr cn||||||||| | ||
| 008 | 100712s2000 nyua sb 001 0 eng | ||
| 010 | _z 99-059414 | ||
| 020 | _z0387989595 (acid-free paper) | ||
| 035 | _a(CaPaEBR)ebr10002203 | ||
| 039 | 9 |
_y201007121407 _zVLOAD |
|
| 040 |
_aCaPaEBR _cCaPaEBR |
||
| 050 | 1 | 4 |
_aQA297 _b.Q83 2000eb |
| 082 | 0 | 4 |
_a519.4 _221 |
| 100 | 1 | _aQuarteroni, Alfio. | |
| 245 | 1 | 0 |
_aNumerical mathematics _h[electronic resource] / _cAlfio Quarteroni, Riccardo Sacco, Fausto Saleri. |
| 260 |
_aNew York : _bSpringer, _cc2000. |
||
| 300 |
_axx, 654 p. : _bill. ; _c24 cm. |
||
| 490 | 1 |
_aTexts in applied mathematics ; _v37 |
|
| 504 | _aIncludes bibliographical references (p. [627]-641) and indexes. | ||
| 529 | _aTSLHHL | ||
| 533 |
_aElectronic reproduction. _bPalo Alto, Calif. : _cebrary, _d2009. _nAvailable via World Wide Web. _nAccess may be limited to ebrary affiliated libraries. |
||
| 650 | 0 | _aNumerical analysis. | |
| 655 | 7 |
_aElectronic books. _2local |
|
| 700 | 1 | _aSacco, Riccardo. | |
| 700 | 1 | _aSaleri, Fausto. | |
| 710 | 2 |
_aebrary, Inc. _925628 |
|
| 830 | 0 |
_aTexts in applied mathematics ; _v37. |
|
| 856 | 4 | 0 |
_uhttps://ezproxy.taylors.edu.my/login?url=http://site.ebrary.com/lib/taylorscollege/Doc?id=10002203 _zAn electronic book accessible through the World Wide Web; click to view |
| 999 | _c105239 | ||